Normal view MARC view
  • Telecommunications engineering - (E-BOOK)

Entry Geographic Name

Number of records used in: 1

001 - CONTROL NUMBER

  • control field: 104813

003 - CONTROL NUMBER IDENTIFIER

  • control field: NUST

005 - DATE AND TIME OF LATEST TRANSACTION

  • control field: 20221214103945.0

008 - FIXED-LENGTH DATA ELEMENTS

  • fixed length control field: 221214|| aca||aabn | a|a d

040 ## - CATALOGING SOURCE

  • Original cataloging agency: NUST
  • Transcribing agency: NUST

151 ## - HEADING--GEOGRAPHIC NAME

  • Geographic name: Telecommunications engineering - (E-BOOK)

670 ## - SOURCE DATA FOUND

  • Source citation: Work cat.: (NUST)179130: Oppenheim, Alan V., 69572, Discrete-time signal processing /, c1989.
© 2023 Central Library, National University of Sciences and Technology. All Rights Reserved.